000 00669nam a2200229Ia 4500
003 OSt
005 20220926030255.0
006 a|||||r|||| 00| 0
007 ta
008 220923b |||||||| |||| 00| 0 eng d
020 _a9781592135790
037 _cGeneral Book
040 _aRTL
_cRTL
_beng
041 _2eng
_aeng
082 _aJ251:4.73, P7
100 _aROBBINS Paul
_9318822
245 0 _aLawn people
_b How grasses, weeds, and chemicals make us who we are
260 _aPhiladephia
_bTemple University Press
_c2007
300 _axxi,186p
_ccm.
942 _hJ251:4.73, P7
_cGB
_2CC
999 _c649160
_d649160